000 00563nam a2200229 a 4500
003 AR-BaBNM
005 20251128202744.0
008 082120s2002 ||||||||||||||000 | spa||
040 _cAR-BaBNM
100 1 _aVocos Lescano, Jorge
245 0 0 _aLa claridad da miedo
260 _aBuenos Aires
_bEl autor
_c1984
300 _a72 p.
650 4 _aLITERATURA ARGENTINA
650 4 _aPOESIA
650 4 _aLITERATURA FOLKLORICA
650 4 _aLITERATURA CONTEMPORANEA
653 _aINFLUENCIA CLASICA
655 _aLITERATURA
942 _cBK
998 _cMARTIN
999 _c419
_d419